| 000 | 01111nmc a2200385 a 4500 | ||
|---|---|---|---|
| 003 | AR-BaBNM | ||
| 005 | 20251128210052.0 | ||
| 008 | 119019s1995 ||||||||||||||000 | spa|| | ||
| 020 | _a968-23-0003-7 | ||
| 040 | _cAR-BaBNM | ||
| 100 | 1 | _aKoyré, Alexandre | |
| 245 | 1 | 0 | _aEstudios de historia del pensamiento científico |
| 250 | _a12ª ed. | ||
| 260 |
_aMéxico, D.F. _bSiglo Veintiuno _c1995 |
||
| 300 | 0 |
_a394 p. _bgráfs., il. |
|
| 490 | 0 | _aCiencia y técnica | |
| 500 | 0 | _aIndice de nombres p. 387-394 | |
| 600 | 1 | 4 | _aBenedetti, Juan Bautista |
| 600 | 0 | 4 | _aAristóteles |
| 600 | 0 | 4 | _aPlatón |
| 600 | 0 | 4 | _aLeónardo |
| 600 | 1 | 4 |
_aCopérnico, Nicolás _d1473-1543 |
| 650 | 4 | _aFILOSOFIA DE LAS CIENCIAS | |
| 650 | 4 | _aHISTORIA DE LAS CIENCIAS | |
| 650 | 4 | _aRENACIMIENTO | |
| 650 | 4 | _aCIENCIA Y TECNOLOGIA | |
| 650 | 4 | _aPROGRESO CIENTIFICO | |
| 653 | 0 | _aEDAD MODERNA | |
| 653 | 0 | _aPENSAMIENTO CIENTIFICO | |
| 653 | 0 | _aHISTORIA DEL PENSAMIENTO | |
| 700 | 1 |
_aPérez Sedeño, Encarnación _etraductor |
|
| 700 | 1 |
_aBustos, Eduardo _etraductor |
|
| 942 | _cBK | ||
| 998 | _cMariana | ||
| 999 |
_c13894 _d13894 |
||